000 00287nam a22001337a 4500
008 181107b xxu||||| |||| 00| 0 eng d
020 _a9780465003457
041 _aeng
080 _a330
100 _a52
101 _aEKO
245 _aApplied Economics
_cSowell,Th
942 _2udc
_cBK
999 _c52121
_d52121